[Event "MCR_O186"]
[Site "?"]
[Date "2004.??.??"]
[Round "?"]
[White "Svoboda, Josef"]
[Black "Novak, Vaclav"]
[Result "0-1"]
[WhiteElo "1800"]
[BlackElo "1800"]
[PlyCount "56"]
[EventDate "2004.??.??"]
[EventType "corr"]
[EventRounds "2"]
[SourceDate "2005.03.12"]

1. e4 c5 2. Nf3 Nc6 3. d4 cxd4 4. Nxd4 Nf6 5. Nc3 e6 6. Ndb5 d6 7. Bf4 e5 8.
Bg5 a6 9. Na3 b5 10. Nd5 Be7 11. Nxe7 Qxe7 12. f3 O-O 13. c3 Be6 14. Bd3 h6 15.
Bh4 Rfd8 16. O-O d5 17. exd5 Bxd5 18. Qc2 Rac8 19. Bh7+ Kh8 20. Bf5 Rc7 21. Qe2
b4 22. cxb4 Nd4 23. Qd3 Qxb4 24. Qb1 Nxf5 25. Bxf6 Qb6+ 26. Rf2 Qxf6 27. Nc2
Rdc8 28. Qd1 Qb6 0-1

[Event "MCR_O186"]
[Site "?"]
[Date "2004.??.??"]
[Round "?"]
[White "Svoboda, Josef"]
[Black "Scholz, Robert"]
[Result "0-1"]
[WhiteElo "1800"]
[BlackElo "1800"]
[PlyCount "56"]
[EventDate "2004.??.??"]
[EventType "corr"]
[EventRounds "2"]
[SourceDate "2005.03.12"]

1. e4 e5 2. Nf3 Nc6 3. Bb5 Nge7 4. c3 a6 5. Ba4 b5 6. Bb3 h6 7. d4 exd4 8. cxd4
d5 9. Nc3 dxe4 10. Nxe4 Bb7 11. Nc5 Rb8 12. Nxb7 Rxb7 13. O-O g6 14. Ne5 Nxe5
15. dxe5 Qxd1 16. Rxd1 c5 17. Rd6 Ra7 18. Be3 Nf5 19. Bxc5 Rc7 20. Rxa6 Rxc5
21. Ra8+ Kd7 22. Rd1+ Kc7 23. f4 Kb7 24. Rdd8 Rc1+ 25. Kf2 Bc5+ 26. Kf3 Rxd8
27. Rxd8 Nd4+ 28. Kg4 Nxb3 0-1

[Event "MCR_O186"]
[Site "?"]
[Date "2004.??.??"]
[Round "?"]
[White "Svoboda, Josef"]
[Black "Svoboda, Frantisek"]
[Result "1-0"]
[WhiteElo "1800"]
[BlackElo "1800"]
[PlyCount "73"]
[EventDate "2004.??.??"]
[EventType "corr"]
[EventRounds "2"]
[SourceDate "2005.03.12"]

1. d4 Nc6 2. Nf3 d5 3. Bf4 Bg4 4. e3 e6 5. Nbd2 Bd6 6. Bxd6 cxd6 7. h3 Bh5 8.
Bd3 Nf6 9. c3 a6 10. Qc2 Rc8 11. a3 b5 12. g4 Bg6 13. b4 Ne7 14. a4 O-O 15. Nh4
Qb6 16. Nxg6 hxg6 17. axb5 axb5 18. Ra5 Qc6 19. Nb1 Ne4 20. Bxb5 Qb6 21. O-O e5
22. Qd3 Ra8 23. Ra6 Rxa6 24. Bxa6 Ra8 25. b5 Ng5 26. Kg2 e4 27. Qe2 Nc6 28. c4
Nb4 29. Nc3 Nd3 30. Nxd5 Qd8 31. Rh1 Nf3 32. Nf4 Nb4 33. Ra1 Qh4 34. Qb2 Nxa6
35. bxa6 f5 36. Qb7 Rf8 37. Nxg6 1-0

[Event "MCR_O186"]
[Site "?"]
[Date "2004.??.??"]
[Round "?"]
[White "Svoboda, Josef"]
[Black "Valjent, julius"]
[Result "1-0"]
[WhiteElo "1800"]
[BlackElo "2059"]
[PlyCount "35"]
[EventDate "2004.??.??"]
[EventType "corr"]
[EventRounds "2"]
[SourceDate "2005.03.12"]

{Vystoupil pro nemoc z turnaje.} 1. e4 e5 2. Nf3 Nc6 3. Bb5 a6 4. Ba4 Nf6 5.
O-O Nxe4 6. d4 b5 7. Bb3 d5 8. dxe5 Be6 9. c3 Be7 10. Nbd2 O-O 11. Bc2 f5 12.
exf6 Nxf6 13. Ng5 Bg4 14. f3 Bd7 15. Re1 Qc8 16. Nb3 h6 17. Qd3 hxg5 18. Bxg5
1-0

[Event "MCR_O186"]
[Site "?"]
[Date "2004.??.??"]
[Round "?"]
[White "Valjent, julius"]
[Black "Lucan, Zdenko"]
[Result "0-1"]
[WhiteElo "2059"]
[BlackElo "1800"]
[PlyCount "40"]
[EventDate "2004.??.??"]
[EventType "corr"]
[EventRounds "2"]
[SourceDate "2005.03.12"]

{Vystoupil pro nemoc z turnaje.} 1. e4 d5 2. exd5 Nf6 3. Bb5+ Bd7 4. Bc4 b5 5.
Bb3 c6 6. dxc6 Bxc6 7. Nf3 Nbd7 8. O-O Bd5 9. Bxd5 Nxd5 10. Nc3 Nxc3 11. dxc3
e6 12. Qd3 a6 13. Rd1 Nc5 14. Qxd8+ Rxd8 15. Rxd8+ Kxd8 16. c4 bxc4 17. Ne5 Ke8
18. Nxc4 g6 19. Be3 Nd7 20. Rd1 Bc5 0-1

[Event "MCR_O186"]
[Site "?"]
[Date "2004.??.??"]
[Round "?"]
[White "Valjent, julius"]
[Black "Svoboda, Frantisek"]
[Result "0-1"]
[WhiteElo "2059"]
[BlackElo "1800"]
[PlyCount "38"]
[EventDate "2004.??.??"]
[EventType "corr"]
[EventRounds "2"]
[SourceDate "2005.03.12"]

{Vystoupil pro nemoc z turnaje.} 1. e4 Nc6 2. Nf3 Nf6 3. e5 Ng4 4. d4 d6 5. h3
Nh6 6. Bb5 a6 7. Ba4 b5 8. Bb3 dxe5 9. d5 e4 10. Ng5 Na5 11. Nxe4 Nf5 12. O-O
Nxb3 13. axb3 Bb7 14. Nbc3 b4 15. Nc5 Nd6 16. Na2 a5 17. Bf4 Ba6 18. Nxa6 Rxa6
19. Nxb4 Ra8 0-1

[Event "MCR_O186"]
[Site "?"]
[Date "2004.??.??"]
[Round "?"]
[White "Valjent, julius"]
[Black "Svoboda, Josef"]
[Result "0-1"]
[WhiteElo "2059"]
[BlackElo "1800"]
[PlyCount "36"]
[EventDate "2004.??.??"]
[EventType "corr"]
[EventRounds "2"]
[SourceDate "2005.03.12"]

{Vystoupil pro nemoc z turnaje.} 1. e4 c5 2. Nf3 d6 3. d4 cxd4 4. Nxd4 Nf6 5.
Nc3 a6 6. Be2 e5 7. Nb3 Be7 8. O-O O-O 9. Be3 Be6 10. Qd2 Nbd7 11. a4 Rc8 12.
a5 Qc7 13. Rfd1 Rfd8 14. Qe1 Qc6 15. Bf3 h6 16. Nc1 Ng4 17. Bxg4 Bxg4 18. f3
Be6 0-1